Dinosaurs / (Record no. 2840)

MARC details
000 -LEADER
fixed length control field 01000cam a22002774a 4500
005 - DATE AND TIME OF LATEST TRANSACTION
control field 20250421102920.0
020 ## - INTERNATIONAL STANDARD BOOK NUMBER
International Standard Book Number 9780545451772
040 ## - CATALOGING SOURCE
Original cataloging agency DLC
Transcribing agency DLC
Modifying agency DLC
Language of cataloging eng
050 00 - LIBRARY OF CONGRESS CALL NUMBER
Classification number QE861.Z63
082 00 - DEWEY DECIMAL CLASSIFICATION NUMBER
Classification number 567.9
100 1# - MAIN ENTRY--PERSONAL NAME
Personal name Zoehfeld, Kathleen Weidner
245 10 - TITLE STATEMENT
Title Dinosaurs /
Statement of responsibility, etc. by Kathleen W. Zoehfeld.
250 ## - EDITION STATEMENT
Edition statement First Scholastic printing February 2012
260 ## - PUBLICATION, DISTRIBUTION, ETC.
Place of publication, distribution, etc. New York :
Name of publisher, distributor, etc. Scholastic ;
Date of publication, distribution, etc. 2011
300 ## - PHYSICAL DESCRIPTION
Extent 32 pages :
Other physical details color illustrations ;
Dimensions 24 cm.
490 ## - SERIES STATEMENT
Series statement National Geographic kids
Volume/sequential designation Book 1
500 ## - GENERAL NOTE
General note Includes index.
505 0# - FORMATTED CONTENTS NOTE
Formatted contents note E <br/>
520 ## - SUMMARY, ETC.
Summary, etc. "There's nothing more fascinating than dinosaurs. In this Level 1 reader, youngsters learn all about the terrifying giants that once roamed the Earth--maybe even as close as their own backyard!"--Amazon.com.
521 ## - TARGET AUDIENCE NOTE
Target audience note 270 <br/>
Source Lexile <br/>
521 ## - TARGET AUDIENCE NOTE
Target audience note E <br/>
Source Raz-Plus <br/>
650 #0 - SUBJECT ADDED ENTRY--TOPICAL TERM
Topical term or geographic name entry element Dinosaurs
Form subdivision Juvenile literature.
906 ## - LOCAL DATA ELEMENT F, LDF (RLIN)
a 7
b cbc
c orignew
d 1
e ecip
f 20
g y-gencatlg
942 ## - ADDED ENTRY ELEMENTS (KOHA)
Source of classification or shelving scheme Dewey Decimal Classification
Koha item type Books
Suppress in OPAC No
999 ## -
-- 2840
-- 2840
Holdings
Withdrawn status Lost status Source of classification or shelving scheme Damaged status Not for loan Collection Home library Current library Shelving location Date acquired Total Checkouts Full call number Barcode Date last seen Date last checked out Copy number Price effective from Koha item type
    Dewey Decimal Classification     Non-Fiction Footprints International School Library Network Toul Kork Campus Footprints International School Library Network Toul Kork Campus TK Primary Library Room(4th Floor), Bookcase 3&4, Shelves 17-32, Yellow Books 01/17/2025 1 ZOE 567.9 QE861.Z63 FISBK02625 02/23/2026 02/03/2026 2 01/17/2025 Books
    Dewey Decimal Classification     Non-Fiction Footprints International School Library Network Toul Kork Campus Footprints International School Library Network Toul Kork Campus TK Primary Library Room(4th Floor), Bookcase 3&4, Shelves 17-32, Yellow Books 04/21/2025   ZOE 567.9 QE861.Z63 FISBK02626 04/21/2025   3 04/21/2025 Books
    Dewey Decimal Classification     Non-Fiction Footprints International School Library Network Toul Tom Poung Campus Footprints International School Library Network Toul Tom Poung Campus TTP Primary Green Bookshelves 01/17/2024 1 ZOE 567.9 QE861.Z63 FISTK01157 03/11/2024 01/29/2024 1 01/17/2024 Books